Vintage TV Dinners Quiz Stats

Quiz Updated Jan 3, 2018

Challenge
Share
Tweet
Score 0/12 Timer 03:00
5 Plays Today
% Correct
Fish n chips
98.1%
Mac and cheese
97%
Beans and Franks
96.8%
Ham
92.2%
Salisbury steak
91.7%
Sliced beef
91.6%
Fried chicken
87.9%
'Polynesian Style'
86.9%
Turkey
85.2%
'German Style'
82.5%
Veal 'Parmigian'
81.9%
Meat Loaf
77.5%

You're not logged in!

Compare scores with friends on all Sporcle quizzes.
Sign Up with Email
OR
Log In

You Might Also Like...

Show Comments

Extras

Top Quizzes Today


Score Distribution

Your Account Isn't Verified!

In order to create a playlist on Sporcle, you need to verify the email address you used during registration. Go to your Sporcle Settings to finish the process.

Report this User

Report this user for behavior that violates our Community Guidelines.

Details: